Valuation of surgery premises used for medical or health services (Record no. 94575)

MARC details
000 -LEADER
fixed length control field 01249cam a2200289 4500
008 - FIXED-LENGTH DATA ELEMENTS--GENERAL INFORMATION
fixed length control field 090401t1995 xxu||||| |||| 00| 0 eng d
020 ## - INTERNATIONAL STANDARD BOOK NUMBER
International Standard Book Number 0854067310
035 ## - SYSTEM CONTROL NUMBER
System control number (Sirsi) u63513
041 ## - LANGUAGE CODE
Language code of text/sound track or separate title eng
050 ## - LIBRARY OF CONGRESS CALL NUMBER
Classification number 333.332
090 ## - LOCALLY ASSIGNED LC-TYPE CALL NUMBER (OCLC); LOCAL CALL NUMBER (RLIN)
Classification number (OCLC) (R) ; Classification number, CALL (RLIN) (NR) RICS 1995/110ABCD
110 ## - MAIN ENTRY--CORPORATE NAME
Corporate name or jurisdiction name as entry element Royal Institution of Chartered Surveyors
9 (RLIN) 4900
245 ## - TITLE STATEMENT
Title Valuation of surgery premises used for medical or health services
Remainder of title a guidance note
Medium [archived]
260 ## - PUBLICATION, DISTRIBUTION, ETC.
Place of publication, distribution, etc. London
Name of publisher, distributor, etc. RICS
Date of publication, distribution, etc. 1995
300 ## - PHYSICAL DESCRIPTION
Extent 16p.
Other physical details ill.
Dimensions 30cm.
350 ## - PRICE (NR) (BK AM CF MU VM SE) [OBSOLETE]
Price 12.95
490 ## - SERIES STATEMENT
Series statement RICS Guidance Note
520 ## - SUMMARY, ETC.
Summary, etc. Reproduction of "RICS appraisal and valuation manual" (ISBN 0854066993) Guidance Note 10.
520 ## - SUMMARY, ETC.
Summary, etc. Superseded by second edition (ISBN 0854069623). Supersedes "Draft February 1995 consultation document : valuation of surgery premises used for medical or health services" (M1686).
650 ## - SUBJECT ADDED ENTRY--TOPICAL TERM
Topical term or geographic name entry element DOCTORS' SURGERIES
650 ## - SUBJECT ADDED ENTRY--TOPICAL TERM
Topical term or geographic name entry element HEALTH CENTRES
650 ## - SUBJECT ADDED ENTRY--TOPICAL TERM
Topical term or geographic name entry element SURGERIES
690 ## - LOCAL SUBJECT ADDED ENTRY--TOPICAL TERM (OCLC, RLIN)
Topical term or geographic name as entry element PROPERTY-PROPERTY APPRAISAL AND VALUATION
856 ## - ELECTRONIC LOCATION AND ACCESS
Uniform Resource Identifier <a href="https://www.isurv.com/downloads/file/3017/archive_valuation_of_medical_centres_and_surgery_premises_1st_edition_december_1995%E2%80%93july_2003">https://www.isurv.com/downloads/file/3017/archive_valuation_of_medical_centres_and_surgery_premises_1st_edition_december_1995%E2%80%93july_2003</a>
Public note Archived on isurv (subscription required)
942 ## - ADDED ENTRY ELEMENTS (KOHA)
Suppress in OPAC 0
Source of classification or shelving scheme Dewey Decimal Classification
948 ## - LOCAL PROCESSING INFORMATION (OCLC); SERIES PART DESIGNATOR (RLIN)
c (OCLC) 04/03/1997
Holdings
Withdrawn status Lost status Source of classification or shelving scheme Damaged status Not for loan Home library Current library Shelving location Date acquired Cost, normal purchase price Total Checkouts Full call number Barcode Date last seen Copy number Cost, replacement price Price effective from Koha item type Date last checked out
    Dewey Decimal Classification     London London RICS Boxes 22/12/1995 12.95   RICS 1995/110 30049326 06/08/2019 1 12.95 06/08/2019 Archive  
    Dewey Decimal Classification     London London RICS Boxes 22/12/1995 12.95   RICS 1995/110 30049327 06/08/2019 2 12.95 06/08/2019 Reference material  
    Dewey Decimal Classification     London London RICS Boxes 22/12/1995 12.95 2 RICS 1995/110 30049328 06/08/2019 3 12.95 06/08/2019 Book 20/07/2000
    Dewey Decimal Classification     Virtual Virtual Online 26/07/2023     isurv   26/07/2023 4   26/07/2023 Online material